000
00248nam a2200109Ia 4500
008
200302s9999 xx 000 0 und d
100
_a
Aldo Massa
245
_a
The World of Pompeii
260
_b
Editions Minerva
260
_c
1972
300
_a
143 P.,
999
_c
5667
_d
5667